000
00270nam a22001217a 4500
003
OSt
008
250106b |||||||| |||| 00| 0 eng d
041
_a
eng
082
_a
621.3
100
_a
Bhatia, SL
_9
6801
245
_a
Hand book of Electrical Engineering
942
_c
BK
999
_c
18959
_d
18959